000 00441nam a2200181Ia 4500
001 10121
005 20260306161808.0
008 260306t2009||||xx |||||||||||||| ||spa||
041 _aESP
082 _a901
_bB45
100 _aBermejo Barrera, José Carlos
_eAUT
245 0 _aIntroducción a la historia teórica
260 _c2009
300 _a667 páginas :
_c22 cm.
650 _aGEN
654 _aCHU
942 _cLIB
_dJUS
_fJUS
_2ddc
_n
999 _c10121
_d10121